000 00551nam a22002057a 4500
999 _c4520
_d4520
003 OSt
005 20210412155849.0
008 141024b xxu||||| |||| 00| 0 eng d
020 _a0443071454
040 _cDNLM.
082 _aQV4 P492h 2003
100 _aRang H. P;[et....al]
_91537
245 _aPharmacology
250 _a5th ed.
260 _aLondon:
_bChurchill Livingstone ;
_c2003.
300 _axii, 797p :
_bcol.ill
_c29 cm.
504 _aIncludes Bibliographical references and Index
650 _aPharmacology
_9357
942 _2z
_cO_SHELF